Computer systems architecture /
Guardado en:
| Autor Principal: | |
|---|---|
| Formato: | Libro |
| Idioma: | English |
| Publicado: |
Rockville, Md. :
Computer Science Press,
c1980.
|
| Series: | Digital system design series
|
| Materias: | |
| Etiquetas: |
Agregar Etiqueta
Sin Etiquetas, Sea el primero en etiquetar este registro!
|
| LEADER | 00746pam a2200229 a 4500 | ||
|---|---|---|---|
| 001 | MAT.inmabb004960 | ||
| 008 | 791219s1980####mdua#####b####001#0#eng## | ||
| 005 | 20180305173625.0 | ||
| 245 | 1 | 0 | |a Computer systems architecture / |c Jean-Loup Baer. |
| 260 | |a Rockville, Md. : |b Computer Science Press, |c c1980. | ||
| 300 | |a xiii, 626 p. : |b il. ; |c 24 cm. | ||
| 440 | 0 | |a Digital system design series | |
| 504 | |a Incluye referencias bibliográficas e índice. | ||
| 020 | |a 0881751731 | ||
| 020 | |a 0914894153 | ||
| 100 | 1 | |a Baer, Jean Loup. | |
| 650 | 0 | |a Computer architecture. | |
| 084 | |a 68Mxx |2 msc2000 | ||
| 010 | |a 79027039 | ||
| 040 | |a DLC |c DLC |d DLC | ||
| 859 | |h 68 |i B141 |p A-6294 |b BIB. MATEMATICA | ||
| 859 | |h 68 |i B141 |p A-6366 |t Fotoc. |b BIB. MATEMATICA | ||
